|
|
|
|
| LEADER |
00000nas a2200000 i 4500 |
| 001 |
ssj0000974470 |
| 003 |
WaSeSS |
| 005 |
20200512172242.0 |
| 006 |
m d |
| 007 |
cr n |
| 008 |
060630c20129999gw fr p s 0 a0eng d |
| 022 |
|
|
|a 2193-2271
|l 2193-2263
|y 2193-2263
|
| 035 |
|
|
|a (WaSeSS)ssj0000974470
|
| 040 |
|
|
|a WaSeSS
|b eng
|c WaSeSS
|d WaSeSS
|
| 041 |
|
|
|a eng
|a chi
|
| 050 |
|
4 |
|a P118.2
|
| 210 |
1 |
|
|a Chin. second lang. res.
|b (Internet)
|
| 222 |
|
0 |
|a Chinese as a second language research
|b (Internet)
|
| 245 |
0 |
0 |
|a Chinese as a second language research
|h [electronic resource].
|
| 246 |
1 |
|
|a CASLAR
|
| 260 |
|
|
|a Berlin :
|b De Gruyter,
|c 2012-
|
| 310 |
|
|
|a Two issues a year
|
| 362 |
1 |
|
|a Began Volume 1, issue 1 (Jul 2012).
|
| 506 |
|
|
|a License restrictions may limit access.
|
| 546 |
|
|
|a Each issue has three articles in English and three articles in Chinese; abstracts in both English and Chinese.
|
| 588 |
|
|
|a Description based on: Volume 1, issue 1 (Jul 2012); title from journal table of contents page (publisher's website, viewed Sept. 18, 2013).
|
| 588 |
|
|
|a Latest issue consulted: Volume 2, issue 1 (Jun 2013) (viewed Sept. 18, 2013).
|
| 650 |
|
0 |
|a Second language acquisition
|x Research
|v Periodicals.
|
| 650 |
|
0 |
|a Chinese language
|v Periodicals.
|
| 655 |
|
0 |
|a Electronic journals.
|
| 776 |
0 |
8 |
|i Print version:
|t Chinese as a second language research
|x 2193-2263
|
| 856 |
4 |
0 |
|z Full text available from Research Library: 01/01/2014 to 6 months ago
|u https://search.proquest.com/publication/2031358
|